[Event "Bisaccia op 2nd"]
[Site "Bisaccia"]
[Date "2010.06.02"]
[Round "7"]
[White "Ciavarra, Luigi"]
[Black "Celli, Dario"]
[Result "1-0"]
[WhiteElo "1960"]
[BlackElo "2104"]
[PlyCount "63"]
[EventDate "2010.05.29"]
[EventType "swiss"]
[EventRounds "7"]
[EventCountry "ITA"]
[SourceTitle "EXT 2024"]
[Source "ChessBase"]
[SourceDate "2023.10.10"]
[SourceVersion "1"]
[SourceVersionDate "2023.10.10"]
[SourceQuality "1"]

1. d4 d5 2. c4 e6 3. Nf3 c6 4. Nc3 dxc4 5. a4 Bb4 6. Bd2 a5 7. e4 b5 8. axb5 Bxc3 9. Bxc3 cxb5 10. b3 Bb7 11. d5 Nf6 12. Bxf6 gxf6 13. bxc4 b4 14. Nd4 Qe7 15. Be2 Nd7 16. 0-0 Nc5 17. Bh5 0-0 18. Re1 Kh8 19. Nb3 Nxb3 20. Qxb3 Qc5 21. Re3 e5 22. Rf3 a4 23. Rxa4 Rxa4 24. Qxa4 Ra8 25. Qd1 Qxc4 26. h3 Qxe4 27. Bxf7 Rd8 28. d6 Qc6 29. Rg3 Qd7 30. Bb3 Qf5 31. d7 Qf4 32. Rg8+ 1-0

[Event "Bisaccia op 2nd"]
[Site "Bisaccia"]
[Date "2010.06.01"]
[Round "6"]
[White "Celli, Dario"]
[Black "Passerotti, Pierluigi"]
[Result "1/2-1/2"]
[WhiteElo "2104"]
[BlackElo "2258"]
[PlyCount "83"]
[EventDate "2010.05.29"]
[EventType "swiss"]
[EventRounds "7"]
[EventCountry "ITA"]
[SourceTitle "EXT 2024"]
[Source "ChessBase"]
[SourceDate "2023.10.10"]
[SourceVersion "1"]
[SourceVersionDate "2023.10.10"]
[SourceQuality "1"]

1. d4 f5 2. g3 Nf6 3. Bg2 e6 4. Nh3 d5 5. 0-0 Bd6 6. Bf4 0-0 7. Nd2 Be7 8. Nf3 Ne4 9. Ne5 g5 10. Be3 Nd7 11. Nxd7 Bxd7 12. Qc1 h6 13. f3 Nd6 14. Nf2 Rc8 15. Nd3 b6 16. Ne5 Be8 17. Qd2 c5 18. c3 Bf6 19. b3 Qe7 20. Rfd1 Qg7 21. f4 Kh7 22. Rac1 Rg8 23. Kh1 gxf4 24. Bxf4 Bh5 25. Bf3 Ne4 26. Qe3 Bg6 27. Rg1 h5 28. Bg2 Be8 29. Bf3 Qb7 30. Rgd1 Rg7 31. Rf1 cxd4 32. cxd4 Rgc7 33. Rxc7+ Rxc7 34. Rc1 Rxc1+ 35. Qxc1 a5 36. Qc2 Bd8 37. Kg2 Qc7 38. Qxc7+ Bxc7 39. Bxe4 dxe4 40. Kf2 a4 41. bxa4 Bxe5 42. Bxe5 1/2-1/2